1293 1652 1624 1918 1863 1734 1326 1261 1268 1833 1896 1781 1636 1361 1738 1984 1230 1856 1926 1372 1036 1807 1021 1284 1442 1109 1367 1275 1604 1161 1870 1372 1780 1954 1001 1494 1431 1399 1368 1743 1800 1147 1743 1170 1059 1688 1475 1027 1288 1962 1306 1327 1756 1190 1409 1934 1786 1377 1503 1875 1879 1491 1623 1609 1499 1200 1025 1544 1253 1906 1668 1872 1921 1982 1796 1986 1418 1027 1996 1952 1207 1301 1679 1014 1579 1594 1759 1699 1715 1102 1536 1184 1566 1995 1849 1056 1097 1289 1201 BCNSPRNW ULIB Ver.6.0+V

เปลี่ยนเป็นภาษาไทย

Change to English
 แสดงรายละเอียดบรรณานุกรม
  กลับหน้าหลัก

Brief Record : Get Marc (ISO 2709) : E-mail record : QR code < ปิดหน้าต่าง
LEADER : 00000nam 2200000uu 4500
001    13399128947
003     ULIB
008    241101s2559||||th 000 0 tha d
020 ^- ^a9789740334835
050 ^- ^aBF723.C5^bก181จ
100 0^ aกรรยา พรรณนา
245 10 ^aจิตสาธารณะ...สร้างได้ง่ายนิดเดียว /^cกรรยา พรรณนา.
260 ^- ^aกรุงเทพฯ :^bสำนักพิมพ์แห่งจุฬาลงกรณ์มหาวิทยาลัย,^c2559.
300 ^- ^a341 หน้า :^bภาพประกอบ, ตาราง ;^c21 ซม.
650 ^4 ^aจิตสาธารณะ^xการศึกษาและการสอน
650 ^4 ^aจิตวิทยาเด็ก
650 ^4 ^aสังคมศึกษา^xการศึกษาและการสอน
650 ^4 ^aจิตสาธารณะ
945    ^p270^l0^i30328
945    ^p270^l0^i30329
945    ^p270^l0^i30330
945    ^p270^l0^i30331
945    ^p270^l0^i30332
999    ^aกัณชพร จุลอักษร
รายการนี้ยังไม่มีแท็ก
คุณยังไม่ได้ล็อกอิน คุณสามารถมีกิจกรรมร่วมกับเว็บไซต์ได้ แต่ต้องล็อกอินก่อน ::
  ล็อกอิน

รายการสื่อสารสนเทศ

ลำดับที่ ประเภท เลขเรียก/บาร์โค้ด สถานที่ สถานะ
1. หนังสือสำรอง
หนังสือสำรอง
BF723.C5 ก181จ ฉ.1 
  Barcode: 30328
ห้องสมุดวิทยาเขตนครสวรรค์
►หนังสือทั่วไป:l:General Books
บนชั้น
2. วิทยาศาสตร์การแพทย์ และสุขภาพ
วิทยาศาสตร์การแพทย์ และสุขภาพ
BF723.C5 ก181จ ฉ.2 
  Barcode: 30329
ห้องสมุดวิทยาเขตนครสวรรค์
►หนังสือทั่วไป:l:General Books
บนชั้น
3. วิทยาศาสตร์การแพทย์ และสุขภาพ
วิทยาศาสตร์การแพทย์ และสุขภาพ
BF723.C5 ก181จ ฉ.3 
  Barcode: 30330
ห้องสมุดวิทยาเขตนครสวรรค์
►หนังสือทั่วไป:l:General Books
บนชั้น
4. วิทยาศาสตร์การแพทย์ และสุขภาพ
วิทยาศาสตร์การแพทย์ และสุขภาพ
BF723.C5 ก181จ ฉ.4 
  Barcode: 30331
ห้องสมุดวิทยาเขตนครสวรรค์
►หนังสือทั่วไป:l:General Books
บนชั้น
5. วิทยาศาสตร์การแพทย์ และสุขภาพ
วิทยาศาสตร์การแพทย์ และสุขภาพ
BF723.C5 ก181จ ฉ.5 
  Barcode: 30332
ห้องสมุดวิทยาเขตนครสวรรค์
►หนังสือทั่วไป:l:General Books
บนชั้น

รายการใกล้เคียง
    หัวเรื่อง [จิตวิทยาเด็ก]
    หัวเรื่อง [จิตสาธารณะ]

BibComment


ยังไม่เคยถูกคอมเมนท์

คอมเมนท์ทรัพยากรรายการนี้
  คอมเมนท์: จิตสาธารณะสร้างไ..


 Copyright 2026. Bcnsprnw @Library